Карикатури (Запис номер 210985)
[ съкратено ]
| 000 -Лидер | |
|---|---|
| Контролно поле с фиксирана дължина | 01570nkm a2200373 c 4500 |
| 003 - Код на организацията, давaща контролен номер | |
| Контролно поле | BLK |
| 005 - Дата и час на последна редакция | |
| Контролно поле | 20221213030102.0 |
| 008 - Елементи от данни с фиксирана дължина | |
| fixed length control field | 180412b bul rap|r|||| r0| ||bulo| |
| 010 ## - Наследен системен номер | |
| LC control number | KNG00174416000 |
| 040 ## - Източник на каталожния запис | |
| Идентификатор на билиотеката - собственик на записа | BLK |
| 041 ## - Код за език | |
| Код за езика на текст/звукозапис или на отделно заглавие | Български |
| Код за езика КДБФ | Български |
| 080 ## - УДК | |
| Текстов определител УДК | Карикатура. Комикс |
| УДК код - определител по УДК | 741.5 |
| УДК определител | (497.2)(092) |
| УДК - код + определител | 741.5(497.2)(092) |
| 080 ## - УДК | |
| Текстов определител УДК | Български художник |
| УДК код - определител по УДК | 929 Грозев, Асен |
| УДК - код + определител | 929 Грозев, Асен |
| 100 1# - Редна дума - Автор | |
| Автор | Грозев, Асен |
| Авторска отговорност | първи автор |
| R(LIN) | 377139 |
| 139 ## - Редно поле | |
| Редна дума | Грозев, Асен |
| Авторски знак | Гро - Г 85 |
| 245 10 - Сведения за заглавието | |
| Заглавие | Карикатури |
| Редно поле (дума) | Асен Грозев; въвед. Владимир Свинтила. |
| 257 ## - Страна на издаване | |
| Страна на създаване/издаване | България |
| 260 ## - Област на издателските данни | |
| Име на издателя, разпространителя и проч. | Бълг. художник |
| Година на издаване | 1964 |
| 300 ## - Физическа характеристика | |
| Страници | 60 с. |
| Илюстрации и др. | с ил. |
| Размери/Мащаб | 15Х17 см |
| 380 ## - Жанр | |
| Жанр | Изкуство |
| 490 1# - СЕРИИ (Колекции) | |
| Име на серия | Библиотека Съвремени български художници |
| 500 ## - Общи забележки | |
| Забележка | Пълното име на художника е Асен Грозев Господинов. - Списък на ил. - 1 600 тир. |
| 600 14 - Име на лице, използвано като предмет | |
| За него / За нея | Грозев, Асен |
| 9 (RLIN) | 377139 |
| 650 #4 - Допълнително описание по предмет – тема | |
| Основно описание – тема или топоним | Карикатуристи, български |
| 9 (RLIN) | 293582 |
| 651 #4 - Допълнително описание по предмет - топоним | |
| Географско понятие | България |
| 9 (RLIN) | 241624 |
| 653 ## - Ключова дума – ненормативна | |
| Ключова дума | карикатуристи |
| 653 ## - Ключова дума – ненормативна | |
| Ключова дума | карикатури |
| 700 1# - Други автори (авторска отговорност) | |
| Лично име | Свинтила, Владимир |
| Друга информация | Николов, Владимир Георгиев |
| 9 (RLIN) | 364072 |
| 852 ## - Местоположение | |
| Форматна сигнатура | цб І 39450 |
| 856 4# - Електронен адрес и достъп | |
| Електронен формат | pdf - файл |
| Път до файла /url/ | |
| 856 4# - Електронен адрес и достъп | |
| Електронен формат | pdf - файл |
| Път до файла /url/ | |
| 999 ## - СИСТЕМНИ КОНТРОЛНИ НОМЕРА | |
| Koha biblionumber | 210985 |
| Koha biblioitemnumber | 210985 |
| 942 ## - АРТИКУЛИ | |
| Вид на библиотечния материал | Графични издания |
| Скрит в OPAC | Не |
| Периодичен библиозапис | Да |
| 944 ## - СЪЗДАВАНЕ И РЕДАКЦИЯ на ЗАПИСА | |
| Създаване/Редакция | Създаване |
| Дата на регистрацията/редакция | 21.04.2015 |
| Служител, извършил регистрацията/редакцията | Камелия_Данева |
| 944 ## - СЪЗДАВАНЕ И РЕДАКЦИЯ на ЗАПИСА | |
| Създаване/Редакция | Редакция |
| Дата на регистрацията/редакция | 22.04.2015 |
| Служител, извършил регистрацията/редакцията | Камелия_Данева |
| 999 ## - СИСТЕМНИ КОНТРОЛНИ НОМЕРА | |
| Koha biblioitemnumber | 210985 |
| 999 ## - СИСТЕМНИ КОНТРОЛНИ НОМЕРА | |
| Koha biblioitemnumber | 210985 |
| Код за отписване | Код за изгубен артикул | Източник на класификационната схема | Код за повреда | Коз за рестрикции | Код за отдаване | Артикулен № | Име на библиотеката - собственик | Име на библиотеката, в която се намира в момента | Статус (Текущо местоположение) | Дата на вписване в системата | Местоположение - отдел | Цена в лева | Инвентарен номер | Систематично азбучна сигнатура | Баркод | Номер на екземпляра | Цена в евро | Служебна бележка | Служебен тип на артикула |
|---|---|---|---|---|---|---|---|---|---|---|---|---|---|---|---|---|---|---|---|
| Не е изгубен | Universal Decimal Classification | Не е повреден | без рестрикции | заемане за дома | 362784 | Регионална библиотека "Любен Каравелов" Русе | Регионална библиотека "Любен Каравелов" Русе | Отдел Изкуство - подръчен фонд | 1964-01-01 | Отдел Изкуство - подръчен фонд | 0.77 | 11033/64 | 74/Г 85 | 900000001239 | 1 | 0.39 | Дост: Pk Вид: Ф N: стар фонд Дата: 01.01.1964 | Графични издания | |
| Не е изгубен | Universal Decimal Classification | Не е повреден | без рестрикции | заемане за дома | 362785 | Регионална библиотека "Любен Каравелов" Русе | Регионална библиотека "Любен Каравелов" Русе | Отдел Изкуство - подръчен фонд | 1964-01-01 | Отдел Изкуство - подръчен фонд | 0.77 | 11034/64 | 74/Г 85 | 900000003044 | 2 | 0.39 | Дост: Pk Вид: Ф N: стар фонд Дата: 01.01.1964 | Графични издания | |
| Не е изгубен | Universal Decimal Classification | Не е повреден | само за читалня | ползва се в читалня | 362786 | Регионална библиотека "Любен Каравелов" Русе | Регионална библиотека "Любен Каравелов" Русе | Хранилище | 1964-01-01 | Хранилище | 0.77 | 10374/64 | цб І 39450 | 900000018765 | 3 | 0.39 | Дост: Dp Вид: Д N: стар фонд Дата: 01.01.1964 | Графични издания |